000 01637nam a2200457Ia 4500
001 sjds1114515
003 sjds
005 20170614195712.0
008 911106t19911991nyua j 000 1 spa d
020 _a0670841625 :
_c$14.95
020 _a9780140557589 (pbk.)
020 _a014055758X ;
_c7.99
020 _a9780140557589
020 _a0590459090 (Scholastic ; pbk.)
035 _a94690
035 _a(OCoLC)24687830
035 _a94690
040 _aIFA
_cIFA
_dUtOrBLW
041 1 _aspa
_heng
049 _aIFAA
099 _f1991
999 _c17595
_d17595
999 _bESPANOL PICTURE BOOKS SCIESZKA 1991
100 1 _aScieszka, Jon,
_eauthor.
245 1 3 _aLa verdadera historia de los tres cerditos! /
_cpor S. Lobo ; según se la contaron a Jon Scieszka ; ilustrada por Lane Smith.
260 _aNew York, N.Y. :
_bViking,
_cc1991.
264 1 _aNew York, N.Y. :
_bViking,
_c[1991]
264 4 _cc1991
300 _a32 unnumbered pages :
_bcolor illustrations ;
_c28 cm
336 _atext
_btxt
_2rdacontent
337 _aunmediated
_bn
_2rdamedia
338 _avolume
_bnc
_2rdacarrier
520 _aS. Lobo relata su propria version extraña de lo que sucedio realmente cuando vino a las manos con los tres cerditos.
520 _aThe wolf gives his own outlandish version of what really happened when he tangled with the three little pigs.
526 0 _aAccelerated Reader
_bLG
_c3.0
_d0.5
_z9506SP
650 0 _aWolves
_vFolklore.
650 0 _aSwine
_vFolklore.
650 7 _aLobos
_vFolklore
_vLiteratura juvenil.
_2bidex
650 7 _aCerdos
_vFolklore
_vLiteratura juvenil.
_2bidex
700 1 _aSmith, Lane.
942 _cBK